000 00473nam a2200181Ia 4500
008 220531s9999 xx 000 0 und d
041 _amar
082 _bJOS
100 _aजोशी आणि इतर
_930464
245 _aकार्यालय व्‍यवस्‍थापन
250 _a1ST
260 _bNarendra
_c1990
300 _a267
542 _d01-01-2010
650 _aManagement
_930465
906 _d2009-2010
_f1598
999 _c19199
_d19199